| 000 | 01088nam a2200337 i 4500 | ||
|---|---|---|---|
| 999 |
_c200459542 _d77754 |
||
| 001 | 200459542 | ||
| 003 | TR-AnTOB | ||
| 005 | 20241010145655.0 | ||
| 007 | ta | ||
| 008 | 240202s2021 tu b 000 0 tur d | ||
| 020 |
_a9789750272523 _q(papeback) |
||
| 035 | _a(TR-AnTOB)200459542 | ||
| 040 |
_aTR-AnTOB _beng _erda _cTR-AnTOB |
||
| 041 | 0 | _atur | |
| 050 |
_aKKX937 _b.U98 2021 |
||
| 090 |
_aKKX937 _b.U98 2021 |
||
| 100 | 1 |
_aUzunallı, Sevilay _eauthor _9105137 |
|
| 245 | 1 | 0 |
_aUygulamalı kıymetli evrak hukuku / _cProf. Dr. Sevilay Uzunallı, Doç. Dr. Ali Haydar Yıldırım. |
| 250 | _aGüncellenmiş ve gözden geçirilmiş 3. baskı. | ||
| 264 | 1 |
_aAnkara : _bSeçkin Yayıncılık, _c2021. |
|
| 300 |
_axii, 203 pages ; _c24 cm |
||
| 336 |
_atext _btxt _2rdacontent |
||
| 337 |
_aunmediated _bn _2rdamedia |
||
| 338 |
_avolume _bnc _2rdacarrier |
||
| 490 | 0 |
_aSeçkin Hukuk ; _vno: 1528 |
|
| 504 | _aBIB | ||
| 650 | 7 |
_aKıymetli evrak _zTürkiye _2etuturkob _958103 |
|
| 700 |
_aYıldırım, Ali Haydar _eauthor _992217 |
||
| 942 |
_2lcc _cBK |
||